000 00687nam a22002293a 4500
001 24456
003 BD-RjUL
005 20211209001043.0
008 140313r19681963enk 001 0 eng d
035 _a(BD-RjUL)24523
040 _aEQO
_cEQO
_beng
_dBD-RjUL
041 _aeng
082 0 0 _a940.253
_bBEE V-2 1968
100 1 _aBeggs-Humphreys, M. E.
_975290
245 1 0 _aEveryday history /
_cGen. ed. M.E. Beggs-Humphreys
_nBook Two :
_pThe world changes, 1688-1830.
250 _a4th ed
260 _aLondon :
_c1963 [Reprinted 1968].
300 _aiv, 251 p. :
_bill. ;
_c22 cm.
504 _aIncludes index.
650 0 _aHistory, Modern
_y18th century.
_975291
942 _2ddc
_cBK
999 _c24456
_d24456